[Event "Individual Zaragoza Primera 2015"]
[Site ""]
[Date "2015.11.22"]
[Round "8.24"]
[White "Marin Fuertes Angel Maria"]
[Black "Pérez Bella José Maria"]
[Result "1-0"]
[WhiteElo "1871"]
[BlackElo "1604"]

1.e4 Nf6 2.e5 Nd5 3.c4 Nb6 4.d4 d6 5.exd6 exd6 6.Nc3 g6 7.Be3 Bg7 8.Rc1 O-O 9.
Nf3 Bg4 10.h3 Bf5 11.b3 Nc6 12.Bd3 Bxd3 13.Qxd3 Ne7 14.O-O d5 15.c5 Nd7 16.Qb5
b6 17.cxb6 Nxb6 18.Bf4 c6 19.Qd3 Nd7 20.Na4 Qa5 21.Bd6 Qb5 22.Qc2 Rfe8 23.Bxe7
Rxe7 24.Qxc6 Qxc6 25.Rxc6 Re6 26.Rfc1 Nf6 27.Rc8+ Re8 28.Rxa8 Rxa8 29.Rc7 Bf8
30.Ng5 Bg7 31.Nf3 Bf8 32.Nc5 Bd6 33.Rc6 Ne8 34.Nd7 Kg7 35.Nc5 a5 36.Na4 Rd8
37.Nc5 Ra8 38.Ra6 Rxa6 39.Nxa6 Nc7 40.Nxc7 Bxc7 41.Kf1 Kf6 42.Ke2 Bd6 43.g4 h6
44.Kd3 Bf4 45.h4 g5 46.h5 Bd6 47.Nd2 Ke6 48.Nb1 Kd7 49.Nc3 Kc6 50.f3 f6 51.a4
Bb4 52.Nd1 Bd6 53.Ne3 Bb4 54.Nf5 Bf8 55.Ke3 Kd7 56.f4 Kc6 57.fxg5 fxg5 58.Kd3
Kb6 59.Ne3 Kc6 60.Nc2 Kb6 61.Kc3 Bd6 62.b4 Bf4 63.b5 Kc7 64.Ne1 Bd6 65.Nd3 Kb6
66.Ne5 Kc7 67.Kd3 Kb6 68.Nd7+ Kc7 69.Nf6 Bf8 70.Nxd5+ Kd6 71.Ke4 Ke6 72.Ne3
Bd6 73.d5+ Kf6 74.Nf5 Bf8 75.b6 1-0

[Event "Individual Zaragoza Primera 2015"]
[Site ""]
[Date "2015.11.22"]
[Round "8.25"]
[White "Navarro Rubio Rafael"]
[Black "Glaria Tevar Salvador"]
[Result "0-1"]
[WhiteElo "1595"]
[BlackElo "1846"]

1.d4 e6 2.e4 d5 3.Nc3 Bb4 4.Bd3 c5 5.dxc5 dxe4 6.Bb5+ Nc6 7.Qxd8+ Kxd8 8.Ne2
f5 9.Be3 Nf6 10.Bxc6 bxc6 11.a3 Ba5 12.Rd1+ Ke7 13.O-O Ba6 14.b4 Bc7 15.h3
Rhd8 16.Rfe1 Bc4 17.Nd4 Rxd4 18.Rxd4 Ba6 19.Rdd1 Nd5 20.Bg5+ Kf7 21.Ne2 h6 22.
Bc1 e5 23.Bb2 Bc4 24.Nc3 a5 25.Nxd5 cxd5 26.b5 Bxb5 27.Rxd5 Bc6 28.Rdd1 Rb8
29.Rb1 Rb5 30.Rec1 Rxc5 31.c4 a4 32.Rc2 e3 33.f3 e4 34.Bd4 Ra5 35.Bb6 Bxb6 36.
Rxb6 Rc5 37.f4 h5 38.Kf1 g5 39.g3 h4 40.fxg5 hxg3 41.h4 f4 42.Kg2 Kg6 43.Rb8
e2 44.Rc1 Kh5 45.Kh3 Bd7+ 46.Kg2 Kxh4 47.Rh1+ Kg4 48.g6 f3+ 49.Kg1 Rxc4 50.Rb1
e3 51.g7 f2+ 0-1

[Event "Individual Zaragoza Primera 2015"]
[Site ""]
[Date "2015.11.22"]
[Round "8.26"]
[White "Manguez Cambra José Luis"]
[Black "Peña Gil José Alejandro"]
[Result "1/2-1/2"]
[WhiteElo "1712"]
[BlackElo "1573"]

1.d4 Nf6 2.Nf3 d5 3.e3 e6 4.Bd3 c5 5.c3 Nc6 6.O-O Bd6 7.Nbd2 cxd4 8.exd4 O-O
9.Re1 Re8 10.Ne5 Qc7 11.f4 a6 12.a4 Na5 13.Ndf3 Nc4 14.Qe2 Na5 15.Bc2 Bd7 16.
Ng5 Re7 17.Qd3 Ne4 18.Qh3 h6 19.Nxe4 dxe4 20.Bxe4 f5 21.Bc2 Bxe5 22.fxe5 Kh7
23.Bg5 Rf7 24.Rad1 Bc6 25.Bc1 Bd5 26.Re3 Nb3 27.g4 Nxc1 28.Rxc1 g6 29.Qh4 Raf8
30.Rh3 h5 31.Qg3 fxg4 32.Rxh5+ Kg8 33.Qxg4 Rg7 34.Rg5 Qf7 35.Qg3 Qe8 36.Rxg6
Rf7 37.Qh4 Re7 38.Qh5 Rxg6+ 39.Bxg6 Rg7 40.Kf2 Qxg6 41.Qxg6 Rxg6 42.Rg1 Kf7
43.Rxg6 Kxg6 44.a5 Kg5 45.Kg3 Kh5 46.Kh3 Bc4 47.Kg3 Bd5 48.Kh3 Kg5 49.Kg3
1/2-1/2

[Event "Individual Zaragoza Primera 2015"]
[Site ""]
[Date "2015.11.24"]
[Round "8.27"]
[White "Lozano Velez De Mendizábal Francisco"]
[Black "Lanaspa Ballesteros Federico"]
[Result "0-1"]
[WhiteElo "1694"]
[BlackElo "1476"]

1.d4 Nf6 2.Nf3 c5 3.e3 e6 4.Bd3 d5 5.b3 Nc6 6.Bb2 Ne4 7.O-O f5 8.dxc5 Rg8 9.
Bb5 Qa5 10.Bxc6+ bxc6 11.Ne5 Qc7 12.Nd2 Bxc5 13.Nxe4 fxe4 14.Qg4 Bd7 15.Qh5+
g6 16.Qxh7 O-O-O 17.Nxd7 Qxd7 18.Qh6 Bd6 19.c4 Qc7 20.Qg5 Bxh2+ 21.Kh1 Qh7 22.
Qg4 Be5+ 23.Qh3 Qxh3+ 24.gxh3 Bxb2 25.Rab1 Be5 26.Rbc1 Kd7 27.Rfd1 Rdf8 28.Kg2
Rf3 29.cxd5 exd5 30.Rc4 Bd6 31.Ra4 Ra8 32.Rc1 a6 33.Rc2 Kc7 34.Rc1 Kb7 35.Rd4
Raf8 36.Rf1 g5 37.Rd2 g4 38.h4 g3 0-1

[Event "Individual Zaragoza Primera 2015"]
[Site ""]
[Date "2015.11.22"]
[Round "8.28"]
[White "Miranda Herrera Miguel"]
[Black "Ibañez Lasheras Ramón"]
[Result "0-1"]
[WhiteElo "1318"]
[BlackElo "1680"]

1.d3 d5 2.Nf3 Nf6 3.g3 Nc6 4.Bg2 e5 5.O-O Be7 6.c4 d4 7.a3 O-O 8.b4 Nd7 9.Nbd2
a6 10.Nb3 f5 11.e3 Bf6 12.b5 axb5 13.cxb5 Na7 14.exd4 Nxb5 15.dxe5 Nxe5 16.
Nxe5 Bxe5 17.d4 Nxd4 18.Nxd4 Qxd4 19.Qb3+ Kh8 20.Be3 Qc3 21.Qxc3 Bxc3 22.Rac1
Be5 23.Bc5 Bd6 24.Bxd6 cxd6 25.Rfd1 Rd8 26.Rb1 Rxa3 27.Bxb7 Bxb7 28.Rxb7 h6
29.Rb6 d5 30.Rb5 f4 31.Rbxd5 Rxd5 32.Rxd5 f3 33.h4 Ra1+ 34.Kh2 Ra2 35.Kg1 Ra1+
36.Kh2 Rf1 37.Rd2 h5 38.Rc2 Kh7 39.Rd2 Kg6 40.Ra2 Kf5 41.Ra5+ Ke4 42.Rxh5
Rxf2+ 43.Kh1 Rg2 44.Rg5 Ra2 45.Rxg7 Ra1+ 46.Kh2 f2 47.Re7+ Kd5 48.Rf7 f1=Q 49.
Rxf1 Rxf1 50.Kh3 Ke6 51.Kg4 Rg1 52.h5 Kf6 53.Kh4 Kf5 54.g4+ Rxg4+ 55.Kh3 Kg5
0-1

[Event "Individual Zaragoza Primera 2015"]
[Site ""]
[Date "2015.11.22"]
[Round "8.29"]
[White "Molla Lorente Joaquín"]
[Black "Enguita Ibarra Hugo"]
[Result "1-0"]
[WhiteElo "1666"]
[BlackElo "1506"]

1.e4 c5 2.Nc3 d6 3.f4 Nc6 4.Bb5 Bd7 5.Bxc6 Bxc6 6.Nf3 g6 7.d3 Bg7 8.O-O e6 9.
Qe1 b5 10.Rb1 Ne7 11.Kh1 O-O 12.Qh4 d5 13.f5 exf5 14.Bh6 fxe4 15.Ng5 Nf5 16.
Rxf5 gxf5 17.Bxg7 Kxg7 18.Qxh7+ Kf6 19.Qh6+ Ke5 20.Nf3+ 1-0

[Event "Individual Zaragoza Primera 2015"]
[Site ""]
[Date "2015.11.22"]
[Round "8.30"]
[White "Miranda Herrera Jorge Manuel"]
[Black "Muro Guerrero Miguel"]
[Result "1-0"]
[WhiteElo "1574"]
[BlackElo "1664"]

1.e4 e5 2.Nf3 Nc6 3.Bb5 Nf6 4.Qe2 a6 5.Bxc6 dxc6 6.d3 Bd6 7.h3 O-O 8.Bg5 Re8
9.Nc3 Bb4 10.O-O Qd6 11.Rad1 Bc5 12.Be3 Be6 13.Ng5 Rad8 14.Nxe6 Rxe6 15.Bxc5
Qxc5 16.Qe3 Qb4 17.Rb1 Nh5 18.a3 Qe7 19.Ne2 Rg6 20.f4 exf4 21.Nxf4 Nxf4 22.
Rxf4 Qg5 23.Qf2 Rd7 24.Rg4 Qe5 25.Rxg6 hxg6 26.Qa7 Qb5 27.Qe3 Rd6 28.b3 Qa5
29.a4 Qc3 30.Rc1 b5 31.axb5 cxb5 32.Qe1 Qc5+ 33.Qf2 Qa3 34.Rf1 Rf6 35.Qe2 Rc6
36.Qf2 Rf6 37.Qd2 Rxf1+ 38.Kxf1 a5 39.Qc3 c5 40.Ke2 a4 41.Kd2 Qb4 42.Qxb4 cxb4
43.c4 bxc4 44.bxa4 c3+ 45.Kc2 Kf8 46.a5 Ke7 47.a6 1-0

[Event "Individual Zaragoza Primera 2015"]
[Site ""]
[Date "2015.11.22"]
[Round "8.31"]
[White "Arbiol Val Sergio"]
[Black "Zubialde Ayala Gonzalo"]
[Result "0-1"]
[WhiteElo "1638"]
[BlackElo "1851"]

1.e4 e5 2.Nf3 Nc6 3.Bb5 a6 4.Ba4 b5 5.Bb3 Na5 6.O-O d6 7.d4 exd4 8.Ng5 Nxb3 9.
axb3 Be7 10.f4 c5 11.Qh5 g6 12.Qf3 Bb7 13.f5 Nf6 14.c3 h6 15.fxg6 fxg6 16.Ne6
Qd7 17.Qh3 Bc8 18.Qf3 Qxe6 19.e5 Nd5 20.c4 Bb7 21.exd6 Bxd6 22.cxd5 Bxd5 23.
Qd3 O-O-O 24.Na3 Qe4 25.Qh3+ Be6 26.Qf3 Qxf3 27.Rxf3 Bf5 28.Bd2 Rde8 29.Rf2
Bd3 30.Rc1 Rhf8 31.Rxf8 Bxf8 32.Bb4 Re5 33.Nc2 Kb7 34.Ba5 Re2 35.Nxd4 cxd4 36.
Rc7+ Kb8 37.Rd7 Bc5 38.Rd8+ Kb7 39.Rd7+ Kc6 40.Rc7+ Kd6 41.Rc8 Bf5 42.Rd8+ Ke7
43.Rd5 Rc2 44.b4 Ba7 0-1

[Event "Individual Zaragoza Primera 2015"]
[Site ""]
[Date "2015.11.22"]
[Round "8.32"]
[White "Arias Alvarez Alberto"]
[Black "Lorente Latorre Antonio"]
[Result "1-0"]
[WhiteElo "1785"]
[BlackElo "1632"]

1.e4 e5 2.Nf3 Nc6 3.d4 exd4 4.Nxd4 Nf6 5.Nxc6 dxc6 6.Qxd8+ Kxd8 7.Bd3 Bc5 8.
Nc3 h6 9.h3 Be6 10.Bf4 Bb4 11.a3 Bxc3+ 12.bxc3 Nd7 13.Rb1 Kc8 14.f3 Nc5 15.Be2
Na4 16.Bd2 Nb6 17.Kf2 Nc4 18.Bxc4 Bxc4 19.Rb4 Be6 20.f4 Rd8 21.Be3 g6 22.g4 b6
23.f5 c5 24.Rbb1 gxf5 25.gxf5 Bc4 26.Bxh6 Re8 27.Kf3 Kb7 28.Rbd1 Rad8 29.Bg5
Rd6 30.h4 Kc6 31.h5 Rh8 32.Rxd6+ cxd6 33.Bf6 Rh7 34.h6 d5 35.Rh4 dxe4+ 36.Kxe4
Bd5+ 37.Ke5 Bf3 38.Bg7 Kd7 39.Kf6 Ke8 40.Ra4 a5 41.Rf4 Bh5 42.Re4+ Kd8 43.Re7
1-0

[Event "Individual Zaragoza Primera 2015"]
[Site ""]
[Date "2015.11.22"]
[Round "8.33"]
[White "Jardiel Dobato David"]
[Black "Soriano Martinez Adolfo"]
[Result "1-0"]
[WhiteElo "1724"]
[BlackElo "1476"]

1.e4 e5 2.Nf3 Nc6 3.Nc3 Bc5 4.Nxe5 Bxf2+ 5.Kxf2 Nxe5 6.d4 Ng6 7.Bc4 Qf6+ 8.Kg1
d6 9.Be3 Nh6 10.Qd2 Qd8 11.Rf1 Be6 12.Bxe6 fxe6 13.h4 Nf7 14.h5 Nf8 15.Rh3 h6
16.Rhf3 Ng5 17.Bxg5 Qxg5 18.Qxg5 hxg5 19.Rf7 O-O-O 20.Nb5 c6 21.Nxd6+ Rxd6 22.
Rxf8+ Rxf8 23.Rxf8+ Kc7 24.Rf7+ Rd7 25.Rxd7+ Kxd7 26.Kf2 Kd6 27.Kf3 c5 28.c3
b6 29.Kg4 e5 30.d5 1-0

[Event "Individual Zaragoza Primera 2015"]
[Site ""]
[Date "2015.11.22"]
[Round "8.34"]
[White "Sedano Jover Adrián"]
[Black "Liarte Marinoso Aaron"]
[Result "1/2-1/2"]
[WhiteElo "1534"]
[BlackElo "1656"]

1.d4 g6 2.Nf3 Bg7 3.c4 c5 4.e4 Nc6 5.dxc5 b6 6.Na3 bxc5 7.Bd3 Qa5+ 8.Qd2 Qxd2+
9.Kxd2 Nf6 10.h3 Nb4 11.Nb5 O-O 12.a3 Nxd3 13.Kxd3 Bb7 14.Re1 Rfd8 15.Nc7 Rac8
16.Nd5 Nxd5 17.exd5 e6 18.dxe6 dxe6+ 19.Ke2 Ba6 20.Nd2 Rd4 21.Rb1 Rcd8 22.b3
Bb7 23.f3 e5 24.a4 f5 25.Nf1 f4 26.Bb2 Rd3 27.Red1 Rxd1 28.Rxd1 Rxd1 29.Kxd1
Kf7 30.Nd2 Ke6 31.Ke2 Bf8 32.Kd3 h5 33.Ne4 Bxe4+ 1/2-1/2

[Event "Individual Zaragoza Primera 2015"]
[Site ""]
[Date "2015.11.22"]
[Round "8.35"]
[White "Cortés Sobrevilla Cecilio"]
[Black "Laborda Pérez José Antonio"]
[Result "0-1"]
[WhiteElo "1664"]
[BlackElo "1588"]

1.d4 g6 2.e3 Bg7 3.a3 Nf6 4.Bd3 d6 5.Nf3 a6 6.b4 b5 7.Bb2 O-O 8.Nbd2 Nbd7 9.
O-O Bb7 10.Nb3 Rc8 11.c4 c5 12.Na5 Ba8 13.cxb5 axb5 14.Bxb5 Qb6 15.Bxd7 Nxd7
16.dxc5 Nxc5 17.Bxg7 Kxg7 18.Qd4+ f6 19.Nc4 Qc6 20.bxc5 dxc5 21.Qc3 h5 22.Rfe1
Rb8 23.Rab1 Rxb1 24.Rxb1 Qe4 25.Ncd2 Qf5 26.Rb5 Rc8 27.Qc4 Bd5 28.Qc3 Ba8 29.
Ne1 h4 30.h3 g5 31.f3 Qd7 32.Nc4 Qxb5 33.e4 Rd8 34.Nb2 Rb8 35.Nbd3 c4 36.Nb4
Qb6+ 37.Kf1 Qb5 38.Nec2 Rd8 39.Ke2 Qd7 40.Ne3 Kf7 41.Qxc4+ e6 42.Qa2 Qb5+ 43.
Ke1 Ke7 44.Qf2 Qd7 45.Qe2 Qd4 46.Qa2 Qc3+ 47.Ke2 Qc5 48.Nd3 Qb5 49.Qc2 Bb7 50.
Qc5+ Qxc5 51.Nxc5 Bc6 52.Nc2 Rc8 53.Nd4 Bb5+ 54.Nxb5 Rxc5 0-1

[Event "Individual Zaragoza Primera 2015"]
[Site ""]
[Date "2015.11.22"]
[Round "8.36"]
[White "Requena Briones Rafael Marian"]
[Black "Garcia Estruch Mauricio"]
[Result "1-0"]
[WhiteElo "1615"]
[BlackElo "1275"]

1.e4 c6 2.d4 d5 3.exd5 cxd5 4.c4 Nf6 5.Nc3 e6 6.Nf3 Be7 7.cxd5 exd5 8.Bb5+ Nc6
9.Ne5 Bd7 10.O-O a6 11.Nxd7 Qxd7 12.Ba4 O-O 13.Be3 Qd6 14.a3 b5 15.Bc2 Rfe8
16.Qf3 b4 17.axb4 Nxb4 18.Ba4 Rec8 19.Bf4 Qd8 20.Rfe1 Ra7 21.Re2 Nc6 22.Rd1
Qa5 23.Bb3 Rd8 24.Be5 Rb7 25.Bxf6 Bxf6 26.Bxd5 Nxd4 27.Rxd4 Bxd4 28.Qe4 Rbb8
29.Qxd4 Kf8 30.g3 Qa1+ 31.Kg2 Qa5 32.Qf4 f6 33.Bf3 Qc5 34.Ne4 Qb6 35.Qh4 h6
36.Qf4 Kg8 37.Rc2 Rbc8 38.Nc3 Qb3 39.Qf5 Qf7 1-0

[Event "Individual Zaragoza Primera 2015"]
[Site ""]
[Date "2015.11.22"]
[Round "8.37"]
[White "Lluciá Marco Luis"]
[Black "Celma Pueyo Ramón"]
[Result "1-0"]
[WhiteElo "1583"]
[BlackElo "1594"]

1.Nf3 Nf6 2.c4 c6 3.Nc3 d5 4.cxd5 cxd5 5.d4 e6 6.Bg5 Nbd7 7.e3 Bb4 8.a3 Be7 9.
Bd3 O-O 10.O-O Re8 11.Qc2 b6 12.Ne5 Bb7 13.Nxd7 Nxd7 14.Bxe7 Qxe7 15.Bxh7+ Kf8
16.Bd3 a6 17.Qe2 Qg5 18.Rac1 Ke7 19.Na4 Rh8 20.Rc7 Rad8 21.Rxb7 Rxh2 22.Kxh2
Rh8+ 23.Kg1 Qh4 24.f4 Qh2+ 25.Kf2 Qh4+ 26.g3 Qh2+ 27.Ke1 Qxg3+ 28.Qf2 Qxf2+
29.Rxf2 Rh1+ 30.Ke2 Kd6 31.Nxb6 1-0

[Event "Individual Zaragoza Primera 2015"]
[Site ""]
[Date "2015.11.22"]
[Round "8.38"]
[White "Sanchez Pérez Carlos"]
[Black "Sanz Navarro Alberto"]
[Result "1-0"]
[WhiteElo "1534"]
[BlackElo "1600"]

1.d4 d5 2.Bf4 Bf5 3.Nf3 e6 4.Nbd2 Nf6 5.Nh4 Nh5 6.Nxf5 Nxf4 7.Ng3 c5 8.e3 Ng6
9.c3 c4 10.Be2 Bd6 11.O-O f5 12.Bh5 Nd7 13.Qa4 Qc7 14.f4 a6 15.Qc2 Nf6 16.Be2
h5 17.Qd1 Ng4 18.Bxg4 hxg4 19.Ne2 O-O-O 20.b3 Qe7 21.g3 Rh3 22.Rf2 Rdh8 23.
bxc4 Bc7 24.Qb3 Nh4 25.c5 Nf3+ 26.Nxf3 gxf3 27.Nc1 g5 28.Rb1 Bxf4 29.exf4 gxf4
30.Rxf3 fxg3 31.hxg3 Qh7 32.Ne2 Rh1+ 33.Kf2 f4 34.Rxh1 Qxh1 35.Rxf4 Qh5 36.c6
b5 37.a4 Kc7 38.axb5 axb5 39.Qxb5 Rb8 40.Qd3 Rb2 41.Rh4 Qf7+ 42.Qf3 Qe7 43.Rf4
Kxc6 44.c4 Qd6 45.cxd5+ Qxd5 46.Qc3+ Kd6 47.Qxb2 1-0

[Event "Individual Zaragoza Primera 2015"]
[Site ""]
[Date "2015.11.22"]
[Round "8.39"]
[White "Maisterra Merino Aaron"]
[Black "Reguera Campillo Moises"]
[Result "1-0"]
[WhiteElo "1449"]
[BlackElo "1593"]

1.e4 e5 2.Nf3 Nc6 3.Nc3 Bc5 4.d3 d6 5.h3 Nge7 6.Bg5 f6 7.Bh4 Ng6 8.Bg3 Be6 9.
Be2 O-O 10.O-O Nf4 11.Bxf4 exf4 12.d4 Bb6 13.d5 Bd7 14.dxc6 Bxc6 15.Bc4+ Kh8
16.Bd5 Qe8 17.Bxc6 Qxc6 18.Qd5 Rfe8 19.Qxc6 bxc6 20.Rfe1 Ba5 21.a3 c5 22.Nd2
Rab8 23.Nc4 Bxc3 24.bxc3 Rb7 25.Rab1 Reb8 26.Rxb7 Rxb7 27.Nd2 Kg8 28.Rb1 Rxb1+
29.Nxb1 Kf7 30.Kf1 Ke6 31.Ke2 Ke5 32.Nd2 g5 33.Kf3 h5 34.g4 fxg3 35.fxg3 Ke6
36.g4 hxg4+ 37.hxg4 Ke5 38.Nb3 a6 39.c4 a5 40.a4 c6 41.Ke3 d5 42.Nxa5 d4+ 43.
Kf3 Ke6 44.Nxc6 Kd6 45.Nxd4 cxd4 46.a5 Kc6 47.Ke2 Kc5 48.Kd3 1-0

[Event "Individual Zaragoza Primera 2015"]
[Site ""]
[Date "2015.11.22"]
[Round "8.40"]
[White "De Pablo Raga Tomás"]
[Black "Valladolid Martin Luis"]
[Result "0-1"]
[WhiteElo "1567"]
[BlackElo "1593"]

1.c4 e5 2.Nc3 Nf6 3.g3 Bc5 4.e3 O-O 5.Bg2 c6 6.Nge2 d6 7.O-O Bg4 8.h3 Be6 9.b3
Qd7 10.d4 exd4 11.exd4 Bb6 12.Kh2 d5 13.c5 Bc7 14.Bg5 Ne8 15.Rc1 h6 16.Bf4 Na6
17.a3 Nf6 18.b4 g5 19.Be5 Bxe5 20.dxe5 Ne8 21.f4 f5 22.exf6 Rxf6 23.Qd2 g4 24.
h4 Ng7 25.Nd4 Bf7 26.Rce1 Re8 27.Rxe8+ Bxe8 28.Re1 Nc7 29.Re5 Nce6 30.Nxe6
Rxe6 31.Qe1 Bf7 32.Nd1 b6 33.Qc3 Rxe5 34.Qxe5 bxc5 35.bxc5 Ne6 36.Qb8+ Kh7 37.
Qb4 Qe7 38.Nf2 h5 39.Nd3 Bg6 40.Ne5 Qxc5 41.Qxc5 Nxc5 42.Nxc6 Be4 43.Nxa7 d4
44.Bxe4+ Nxe4 45.Nb5 d3 46.a4 d2 0-1

[Event "Individual Zaragoza Primera 2015"]
[Site ""]
[Date "2015.11.29"]
[Round "9.1"]
[White "Santos Morales Julio Cesar"]
[Black "Carruez Gracia Eduardo"]
[Result "1/2-1/2"]
[WhiteElo "1837"]
[BlackElo "1706"]

1.d4 Nf6 2.c4 e6 3.Nc3 d5 4.cxd5 exd5 5.Bg5 Be7 6.e3 O-O 7.Qc2 h6 8.Bh4 c6 9.
Bd3 Re8 10.Nge2 Nbd7 11.O-O Nf8 12.Rad1 Bg4 13.f3 Bh5 14.Bf2 Bg6 15.Ng3 c5 16.
Nf5 Bxf5 17.Bxf5 g6 18.Bh3 cxd4 19.exd4 N8h7 20.g3 Ng5 21.Bg2 Bf8 22.Rfe1 Qd7
23.Be3 Ne6 24.Qd2 Kh7 25.Qd3 Re7 26.Re2 1/2-1/2

[Event "Individual Zaragoza Primera 2015"]
[Site ""]
[Date "2015.11.29"]
[Round "9.2"]
[White "Miranda Garcia Eduardo"]
[Black "Iglesias Fernandez Luis"]
[Result "0-1"]
[WhiteElo "1765"]
[BlackElo "1764"]

1.e4 d6 2.d4 g6 3.Be3 Nf6 4.f3 Bg7 5.Nc3 O-O 6.Bc4 Nc6 7.Nge2 e5 8.Qd2 exd4 9.
Nxd4 Nxd4 10.Bxd4 Be6 11.Be2 d5 12.e5 Nd7 13.f4 f6 14.exf6 Nxf6 15.O-O-O c6
16.h3 Bf5 17.g4 Ne4 18.Nxe4 Bxe4 19.Bxg7 Kxg7 20.Rh2 Qf6 21.Rf1 c5 22.Bd3 Bxd3
23.Qxd3 Qd6 24.Rhf2 Rae8 25.f5 Qe5 26.h4 Qe3+ 27.Qd2 Qxd2+ 28.Kxd2 Re4 29.f6+
Kf7 30.Re2 Rfe8 31.Rxe4 Rxe4 32.g5 Rxh4 33.Re1 Rd4+ 34.Kc1 Re4 35.Rh1 h5 36.
gxh6 Re8 37.Rd1 d4 38.c3 Kxf6 39.cxd4 cxd4 40.Rxd4 Re7 41.Rd8 Rh7 42.Kd2 Kg5
43.Ke3 Kxh6 44.Rd6 Rf7 45.b4 Kh5 46.Rd8 g5 47.Rh8+ Kg4 48.Rg8 Rf3+ 49.Kd4 Ra3
50.Rg7 b6 51.Kc4 Rxa2 52.Kb3 Ra1 53.Kb2 Ra4 54.Kb3 b5 55.Rb7 a6 56.Rf7 Kg3 57.
Rf6 g4 58.Kc3 Kh3 59.Rh6+ Kg2 60.Kd2 g3 61.Ke2 Ra2+ 62.Ke3 Ra3+ 63.Ke2 Kg1 64.
Rg6 g2 65.Rh6 a5 66.bxa5 Rxa5 67.Rh5 Ra2+ 68.Kf3 Kf1 69.Rxb5 Ra3+ 0-1

[Event "Individual Zaragoza Primera 2015"]
[Site ""]
[Date "2015.11.29"]
[Round "9.3"]
[White "Landa Garriga Francisco Javier"]
[Black "Garcia Estruch Jorge"]
[Result "1/2-1/2"]
[WhiteElo "1838"]
[BlackElo "1847"]

1.e4 e5 2.Nf3 Nc6 3.d4 exd4 4.Bc4 Nf6 5.e5 d5 6.Bb5 Ne4 7.Nxd4 Bd7 8.Bxc6 bxc6
9.O-O Bc5 10.Be3 Qe7 11.f3 Ng5 12.f4 Ne4 13.Nd2 O-O 14.Nxe4 dxe4 15.c3 Rab8
16.Qc2 f5 17.Qf2 Bb6 18.b4 c5 19.bxc5 Qxc5 20.Nxf5 Qxc3 21.Bxb6 Bxf5 22.Bd4
Qa5 23.Bxa7 Rbd8 24.Rfd1 Qa4 25.Rxd8 Rxd8 26.h3 h5 27.Bc5 Qa5 28.a3 Qc3 29.Rf1
Rd3 30.Bb4 e3 31.Qa2+ Qb3 32.Qxb3+ Rxb3 33.Re1 Kf7 34.Bc5 Rc3 35.Bxe3 Rxa3 36.
Kf2 Rc3 37.Bd4 Rc2+ 38.Re2 Rc4 39.Rd2 Ke6 40.Ke3 Rc1 41.Bb2 Rc4 42.Kf3 Rb4 43.
Bd4 Rb3+ 44.Be3 Rc3 45.Rd8 g6 46.Rd2 Rc4 47.g4 Be4+ 48.Kg3 Rc3 49.Re2 hxg4 50.
hxg4 g5 51.fxg5 Kxe5 52.Kh4 Bf3 53.Bd2+ Bxe2 54.Bxc3+ Kf4 55.g6 Bxg4 1/2-1/2

[Event "Individual Zaragoza Primera 2015"]
[Site ""]
[Date "2015.11.29"]
[Round "9.4"]
[White "Sanchez Valles José Maria"]
[Black "Obon Zuñiga Francisco"]
[Result "1-0"]
[WhiteElo "1782"]
[BlackElo "1807"]

1.e4 c6 2.Nc3 d5 3.Nf3 Bg4 4.h3 Bh5 5.d4 dxe4 6.Nxe4 e6 7.g4 Bg6 8.Bd3 Nd7 9.
Bf4 Ndf6 10.Ng3 Ne7 11.c4 Bxd3 12.Qxd3 Ng6 13.Bd2 Bd6 14.O-O-O Qc7 15.g5 Nd7
16.Ne4 Bf4 17.Qa3 Rc8 18.Kb1 c5 19.h4 O-O 20.h5 Ne7 21.h6 g6 22.dxc5 Bxd2 23.
Rxd2 Nxc5 24.Nd6 Rcd8 25.Qc3 e5 26.Rhd1 Rxd6 27.Rxd6 Ne4 28.Qxe5 Nf5 29.Qxe4
Nxd6 30.Qe5 Ne8 31.Qc3 f6 32.Nd4 Qc8 33.Qf3 fxg5 34.Qd5+ Rf7 35.Ne6 Nc7 36.
Qd8+ Rf8 37.Nxf8 Qf5+ 38.Ka1 1-0

[Event "Individual Zaragoza Primera 2015"]
[Site ""]
[Date "2015.11.29"]
[Round "9.5"]
[White "Martin Pastor Ivan"]
[Black "Carrasquer Muñoz Alberto"]
[Result "1/2-1/2"]
[WhiteElo "1743"]
[BlackElo "1799"]

1.b3 d5 2.f4 Bf5 3.e3 a6 4.Nf3 Nc6 5.Bb2 e6 6.g3 Nf6 7.d3 Bb4+ 8.Nbd2 O-O 9.
Bg2 Ng4 10.Qe2 Bc5 11.d4 Be7 12.c3 Nf6 13.O-O Re8 14.Ne5 Nxe5 15.fxe5 Nd7 16.
Bxd5 exd5 17.Rxf5 f6 18.Qg2 c6 19.exf6 Nxf6 20.Re1 Qd7 21.Rf2 Ng4 22.Rfe2 Bg5
23.e4 Bxd2 24.Rxd2 dxe4 25.Rxe4 Rxe4 26.Qxe4 Nf6 27.Qe1 Re8 28.Re2 Rxe2 29.
Qxe2 Qf5 30.Bc1 Kf7 31.Be3 Nd5 32.Bd2 Qb1+ 33.Be1 h6 34.c4 Nf6 35.Kg2 Qf5 36.
Bb4 Kg6 37.Be7 Ne4 38.g4 Qf4 39.Bh4 Kh7 40.Bg3 Nxg3 41.hxg3 Qxd4 42.a4 c5 43.
Qf3 b6 44.Qf5+ Kh8 1/2-1/2

[Event "Individual Zaragoza Primera 2015"]
[Site ""]
[Date "2015.11.29"]
[Round "9.6"]
[White "Monge Arrufat José Miguel"]
[Black "Ruiz Gutierrez José Manuel"]
[Result "1-0"]
[WhiteElo "1661"]
[BlackElo "1795"]

1.e4 c5 2.Nc3 g6 3.f4 e6 4.Nf3 Bg7 5.d3 Ne7 6.Bd2 Nbc6 7.g3 f5 8.e5 d6 9.exd6
Qxd6 10.Bg2 O-O 11.Nb5 Qd8 12.Bc3 Nd4 13.a4 Nd5 14.Qd2 Nxc3 15.bxc3 Nxf3+ 16.
Bxf3 a6 17.Na3 Qa5 18.Nb1 Bd7 19.O-O Rab8 20.Qg2 b5 21.Bc6 Qc7 22.axb5 axb5
23.Bf3 b4 24.Qd2 e5 25.fxe5 Qxe5 26.Ra7 bxc3 27.Nxc3 Qd4+ 28.Kg2 c4 29.Bd5+
Kh8 30.Rxd7 cxd3 31.Rxg7 Kxg7 32.Qxd3 Qxd3 33.cxd3 Rfe8 34.Bc4 Re3 35.Rf2 h5
36.Re2 Rxe2+ 37.Nxe2 Rb2 38.Kf3 g5 39.h4 g4+ 40.Ke3 Rb1 41.d4 Rf1 42.Bb5 Rf3+
43.Kd2 Rb3 44.Be8 Rb2+ 45.Ke3 Rb3+ 46.Kd2 Rb2+ 47.Kd1 Rb1+ 48.Kc2 Re1 49.Kd2
Ra1 50.Bxh5 1-0

[Event "Individual Zaragoza Primera 2015"]
[Site ""]
[Date "2015.11.29"]
[Round "9.7"]
[White "Aviol Perez José Mariano"]
[Black "Carrasquer Alonso Luis"]
[Result "0-1"]
[WhiteElo "1820"]
[BlackElo "1647"]

1.d4 c6 2.Nf3 Nf6 3.c4 d5 4.Nc3 e6 5.Bg5 Bd6 6.e4 dxe4 7.Nxe4 Be7 8.Bd3 Nxe4
9.Bxe7 Nxf2 10.Bxd8 Nxd1 11.Rxd1 Kxd8 12.Ng5 Ke7 13.Nxh7 f6 14.g4 Kf7 15.O-O
Nd7 16.Ng5+ Ke7 17.Nf3 c5 18.d5 exd5 19.cxd5 Kd6 20.g5 Re8 21.h4 fxg5 22.hxg5
Ne5 23.Nxe5 Rxe5 24.g6 Bg4 25.Rde1 Rxd5 26.Be4 Rg5 27.Rf7 Be6+ 28.Bg2 Bxf7 29.
gxf7 Rf8 30.Rf1 Ke7 31.Kh2 Rxf7 32.Rxf7+ Kxf7 33.Bxb7 Ke6 0-1

[Event "Individual Zaragoza Primera 2015"]
[Site ""]
[Date "2015.11.29"]
[Round "9.8"]
[White "Lorente Aguar Ruben"]
[Black "Moreno Martin-Viveros Alvaro"]
[Result "1/2-1/2"]
[WhiteElo "1668"]
[BlackElo "1806"]

1.e4 c6 2.d4 d5 3.e5 c5 4.c3 Nc6 5.h3 Bf5 6.Bd3 Bxd3 7.Qxd3 e6 8.Nf3 Nge7 9.
O-O Nf5 10.b3 Be7 11.Bb2 O-O 12.Na3 Rc8 13.Nc2 Na5 14.Qd2 cxd4 15.cxd4 Qb6 16.
Ne3 Nxe3 17.fxe3 Qb4 18.Qe2 Qb6 19.Rac1 Qd8 20.Rxc8 Qxc8 21.Rc1 Qd7 22.Qc2 Nc6
23.a3 a6 24.b4 Rc8 25.Qa4 Qd8 26.b5 Nb8 27.Rxc8 Qxc8 28.bxa6 Nxa6 29.Nd2
1/2-1/2

[Event "Individual Zaragoza Primera 2015"]
[Site ""]
[Date "2015.11.29"]
[Round "9.9"]
[White "Garcia Garcia Enrique"]
[Black "Arrieta Otero German"]
[Result "1-0"]
[WhiteElo "1750"]
[BlackElo "1641"]

1.d4 Nf6 2.c4 e5 3.dxe5 Ng4 4.e3 Nxe5 5.Nh3 Nbc6 6.Be2 Be7 7.Nf4 b6 8.O-O O-O
9.Nc3 Bb7 10.Nfd5 a6 11.e4 Rc8 12.Be3 Bg5 13.f4 Bh6 14.fxe5 Bxe3+ 15.Nxe3 Nxe5
16.Qd4 d6 17.Rad1 Qg5 18.Rf5 Qg6 19.Ncd5 c5 20.Ne7+ 1-0

[Event "Individual Zaragoza Primera 2015"]
[Site ""]
[Date "2015.11.29"]
[Round "9.10"]
[White "Fernandez Sierra Pedro José"]
[Black "Merin Flores Miguel Angel"]
[Result "1/2-1/2"]
[WhiteElo "1653"]
[BlackElo "1732"]

1.e4 c6 2.d4 d5 3.Nc3 dxe4 4.Nxe4 Bf5 5.Qf3 e6 6.c3 Nd7 7.Bd3 Bxe4 8.Bxe4 Ngf6
9.Bd3 Qb6 10.Ne2 Bd6 11.O-O Rc8 12.Be3 Qd8 13.Rfe1 O-O 14.Qh3 Re8 15.Bg5 g6
16.Ng3 Qa5 17.Bxf6 Nxf6 18.Ne4 Nxe4 19.Rxe4 Kg7 20.Rae1 Qxa2 21.R4e2 Qa5 22.
Qg4 Qd8 23.f4 h5 24.Qf3 Rh8 25.Rf1 Qh4 26.h3 Qf6 27.g3 b6 28.Be4 c5 29.d5 exd5
30.Bxd5 Rce8 31.c4 Rxe2 32.Qxe2 b5 33.Kg2 bxc4 34.Bxc4 Bc7 35.Rd1 Rd8 36.b3
Rxd1 37.Qxd1 h4 38.Qf3 hxg3 39.Kxg3 g5 40.Qb7 Qxf4+ 41.Kg2 Qg3+ 42.Kf1 Qxh3+
43.Ke2 Qh2+ 44.Kd3 Qd6+ 45.Bd5 a5 46.Kc4 g4 47.Qc8 g3 48.Qg4+ Kf8 49.Qh5 Qf4+
50.Kb5 Qb4+ 51.Kc6 Qb6+ 52.Kd7 Qd6+ 53.Kc8 Qf4 54.Kd7 Be5 55.Kc6 Bg7 56.Bc4 g2
57.Qxc5+ Kg8 58.Qg1 Qe4+ 59.Bd5 Qc2+ 60.Kb5 Qd2 61.Qxg2 Qxg2 62.Bxg2 Bc3 63.
Kc4 Be1 64.Kd3 Kg7 65.Bd5 f6 66.Ke4 Kg6 67.Kf3 Kg5 68.Bc4 Kf5 69.Bg8 Ke5 70.
Bc4 1/2-1/2

[Event "Individual Zaragoza Primera 2015"]
[Site ""]
[Date "2015.11.29"]
[Round "9.11"]
[White "Nedov Octavian"]
[Black "Carreras Villagrasa Pablo"]
[Result "1-0"]
[WhiteElo "1814"]
[BlackElo "1660"]

1.d4 d5 2.c4 c6 3.Nd2 e6 4.a3 Nf6 5.Ngf3 Nbd7 6.cxd5 cxd5 7.e3 Bd6 8.Bd3 O-O
9.h3 e5 10.dxe5 Nxe5 11.Nxe5 Bxe5 12.Nf3 Re8 13.O-O Bd7 14.Nxe5 Rxe5 15.Bd2
Qe8 16.Rc1 Bc6 17.b4 Qd7 18.Bc3 d4 19.Bxd4 Rg5 20.f3 Qxh3 21.Qe2 Nh5 22.Qd2
Bxf3 23.Rxf3 Qxf3 24.Rf1 Qd5 25.Qc2 b5 26.Bxh7+ Kh8 27.Be4 Qd8 28.Bxa8 Qxa8
29.Rxf7 Kg8 30.Rxa7 Qd5 31.Rc7 Nf4 32.Rc8+ Kf7 33.Qc7+ Kg6 34.Qc6+ Kh7 35.Qxd5
Nxd5 36.Rc5 Rf5 37.e4 Rf4 38.Rxd5 Rxe4 39.Bf2 1-0